|
|
|
|
| LEADER |
00000nam a22000007a 4500 |
| 005 |
20141016214822.0 |
| 007 |
cr|||| |||| |
| 008 |
141016s2014 br |||||s|||| 00||0 por d |
| 020 |
|
|
|a 978-85-361-2990-7
|
| 035 |
|
|
|a 12448
|
| 040 |
|
|
|a vLex
|
| 090 |
|
|
|c 5232
|d 5232
|
| 100 |
1 |
|
|a Morena Pinto, Marcio
|
| 245 |
1 |
0 |
|a Introduȯ̂ ao Direito Internacional do Trabalho
|h [Recurso electrn̤ico] /
|c Marcio Morena Pinto
|
| 256 |
|
|
|a Servicio en ln̕ea
|
| 260 |
|
|
|a San Pablo:
|b LTR Editora,
|c 2014
|
| 300 |
|
|
|a 1 recurso electrn̤ico
|
| 500 |
|
|
|a Por meio de uma exposiȯ̂ abrangente e profunda dos principais temas concernentes s̉ relaė̳s laborais em ḿbito internacional, esta obra oferece uma visô multidisciplinar, sendo t︢il nô somente aos estudantes de graduaȯ̂ e de ps̤-graduaȯ̂ da r̀ea jurd̕ica, mas tambm̌ ao pb︢lico em geral. Esse pequeno manual permite ao leitor uma boa compreensô da importńcia que o Direito Internacional do Trabalho vem tomando ao longo dos l︢timos decn̊ios, graȧs ̉globalizaȯ̂, aos processos de integraȯ̂ econm̥ica e ̉crescente conscientizaȯ̂ universal sobre os benefc̕ios que devem ser conferidos ao trabalhador como forȧ produtiva.
|
| 506 |
1 |
|
|a Disponible solo en los productos indicados
|d vLex Global
|d vLex Global (Academic Edition, excluding Law Schools)
|d vLex Global (U.S. Academic Edition, Law Schools)
|d vLex Global (U.S. Academic Edition, excluding Law Schools)
|d vLex Global (Academic Edition, Law Schools)
|
| 650 |
0 |
4 |
|a Derecho Civil
|z Brasil
|
| 650 |
0 |
4 |
|a Derecho Laboral y Seguridad Social
|z Brasil
|
| 650 |
0 |
4 |
|a Derecho Internacional
|z Brasil
|
| 740 |
0 |
|
|a vLex Libros (Servicio en ln̕ea)
|
| 856 |
4 |
0 |
|u http://vlex.com/source/introdu-o-ao-direito-internacional-do-trabalho-12448
|z Acceso restringido
|
| 942 |
|
|
|c BOOK
|
| 999 |
0 |
|
|a Civil Law
|
| 999 |
0 |
|
|a Labor Law and Social Security
|
| 999 |
0 |
|
|a International Law
|